004310000a2200145000450024500910000065000180009165000170010965000150012665000160014165100130015704100130017070000240018310000270020777300510023410aNeogene and quaternary history of vegetation, climate, and plant diversity in Amazonia14aPalinología14aVegetación14aEcología14aPaleoClimas 4pAmazonia0 aInglés1 aHooghiemstra, Henry1 aHammen, Thomas van der1 tQuaternary of Colombia3938h19q725-742d2000